Govt. of
Madhya Pradesh

Encyclopaedia of World Great Educational Thinkers (Record no. 42690)

MARC details
000 -LEADER
fixed length control field 003490000a22001450004500
003 - CONTROL NUMBER IDENTIFIER
control field MACL
040 ## - CATALOGING SOURCE
Original cataloging agency MACL
090 ## - LOCALLY ASSIGNED LC-TYPE CALL NUMBER (OCLC); LOCAL CALL NUMBER (RLIN)
-- 43145
-- 43143
100 ## - MAIN ENTRY--PERSONAL NAME
Personal name Srivastava, Navin
245 ## - TITLE STATEMENT
Title Encyclopaedia of World Great Educational Thinkers
Remainder of title Vol 1
260 ## - PUBLICATION, DISTRIBUTION, ETC. (IMPRINT)
Name of publisher, distributor, etc. Alfa Publications
Date of publication, distribution, etc. 2009
350 ## - PRICE (NR) (BK AM CF MU VM SE) [OBSOLETE]
Price 950
650 ## - SUBJECT ADDED ENTRY--TOPICAL TERM
Topical term or geographic name as entry element Encyclopaedia
942 ## - ADDED ENTRY ELEMENTS (KOHA)
Koha item type Library Membar
Call number prefix 030/SRI
Holdings
Withdrawn status Lost status Source of classification or shelving scheme Damaged status Not for loan Home library Current library Date acquired Cost, normal purchase price Total Checkouts Full call number Barcode Date last seen Uniform Resource Identifier Price effective from Koha item type
          MACL MACL 15/04/2015 1900.00   030/SRI CRE023908 02/05/2024 42968 15/04/2015 Books